|
|
|
|
| LEADER |
00563nam a22001577a 4500 |
| 082 |
|
|
|b BIN/M Q6
|a 894.M09
|
| 100 |
|
|
|a Bineesh Puthupannam
|9 304586
|
| 245 |
|
|
|a Malayaliyude AdrusyaSancharangal
|
| 250 |
|
|
|a Ist
|
| 260 |
|
|
|a Calicut;
|b Vidhyathi Publications;
|c 2016
|
| 300 |
|
|
|a 223p.
|
| 650 |
|
|
|a Ma;layalam; Critism
|9 309675
|
| 650 |
|
|
|a നിരൂപണം
|9 309676
|
| 942 |
|
|
|c BK
|
| 999 |
|
|
|c 75100
|d 75100
|
| 952 |
|
|
|0 0
|1 0
|4 0
|6 894_000000000000000_M09_BIN_M_Q6
|7 0
|8 Cri
|9 88377
|a MAL
|b MAL
|d 2017-03-24
|e 58992
|g 210.00
|l 0
|o 894.M09 BIN/M Q6
|p MAL058992
|r 2017-03-24
|t 1
|w 2017-03-24
|y BK
|